| 000 | 00784nam a22001697a 4500 | ||
|---|---|---|---|
| 003 | NUST | ||
| 005 | 20220811091410.0 | ||
| 008 | 220811b ||||| |||| 00| 0 eng d | ||
| 020 | _a9788179922347 | ||
| 082 | _a005.1,UMA | ||
| 100 |
_aUma,G.V. _996780 |
||
| 245 |
_aEssential of Software Engineering / _cG.V.Uma |
||
| 260 |
_aIndia _bJaico Publishing House _c2004 |
||
| 300 | _a214p | ||
| 505 | _aIntroduction to software engineering (Page-1), Project Management (Page-23), Requirement engineering (Page-39), Analysis and design (Page-43), Software testing (Page-63), Software quality (Page-97), Software metrics (Page-109), Software maintenance (Page-167), Object oriented software engineering (Page-171), Advance in software engineering (Page-193). | ||
| 942 |
_2ddc _cBK _k005.1,UMA |
||
| 999 |
_c590866 _d590866 |
||